Strategické řízení teorie pro praxi

Salvato in:
Dettagli Bibliografici
Autore principale: Keřkovský, Miloslav
Altri autori: Vykypěl, Oldřich
Natura: Libro
Lingua:ceco
Pubblicazione: Praha C.H. BECK 2003
Serie:Pro praxi
Soggetti:
Tags: Aggiungi Tag
Nessun Tag, puoi essere il primo ad aggiungerne!!

MARC

LEADER 00000nam$a2200000$$$4500
001 0007787
005 20240306141654.4
020 |a 80-7179-578-X 
041 0 |a cze 
044 |a CZ 
245 1 0 |a Strategické řízení  |b teorie pro praxi  |c Miloslav Keřkovský, Oldřich Vykypěl 
264 1 |a Praha  |b C.H. BECK  |c 2003 
300 |a 172 s. 
490 1 |a Pro praxi 
830 0 |a Pro praxi 
610 2 0 |a riadenie strategické 
610 2 0 |a stratégia podniková 
610 2 0 |a stratégia obchodná 
610 2 0 |a analýzy 
610 2 0 |a analýza swot 
610 2 0 |a riadenie 
610 2 0 |a rozhodovanie strategické 
610 2 0 |a informácie strategické 
610 2 0 |a manažment strategický 
100 1 |a Keřkovský, Miloslav 
700 1 |a Vykypěl, Oldřich